[Event "Barcelona CC IM"]
[Site "Barcelona"]
[Date "2018.11.25"]
[Round "8"]
[White "Cruz Estrada, Filemon"]
[Black "Alarcon Casellas, Rolando"]
[Result "1/2-1/2"]
[WhiteElo "2289"]
[BlackElo "2387"]
[PlyCount "23"]
[EventDate "2018.10.11"]
[EventType "tourn"]
[EventRounds "9"]
[EventCountry "ESP"]
[EventCategory "2"]
[SourceTitle "CBM 187 Extra"]
[Source "ChessBase"]
[SourceDate "2018.11.04"]
[SourceVersion "1"]
[SourceVersionDate "2018.11.04"]
[SourceQuality "1"]

1. e4 e6 2. d4 d5 3. exd5 exd5 4. Bd3 Bd6 5. Ne2 Nc6 6. 0-0 Nge7 7. c3 Bf5 8. Bf4 Bxd3 9. Qxd3 0-0 10. Nd2 Qd7 11. Bxd6 Qxd6 12. Rfe1 1/2-1/2

[Event "Sant Adria de Besos op 2nd"]
[Site "Sant Adria de Besos"]
[Date "2018.08.16"]
[Round "9"]
[White "Erden, Kadir"]
[Black "Alarcon Casellas, Rolando"]
[Result "0-1"]
[WhiteElo "2250"]
[BlackElo "2385"]
[PlyCount "46"]
[EventDate "2018.08.10"]
[EventType "swiss"]
[EventRounds "9"]
[EventCountry "ESP"]
[SourceTitle "CBM 186 Extra"]
[Source "ChessBase"]
[SourceDate "2018.08.24"]
[SourceVersion "1"]
[SourceVersionDate "2018.08.24"]
[SourceQuality "1"]

1. Nf3 d5 2. g3 Nf6 3. Bg2 e6 4. 0-0 Be7 5. d4 0-0 6. c4 dxc4 7. Ne5 Nc6 8. Nxc6 bxc6 9. Na3 Bxa3 10. bxa3 Nd5 11. Qc2 Ba6 12. Rd1 Qe7 13. e4 Nb6 14. Qc3 Bb5 15. h4 h6 16. Re1 Na4 17. Qa5 c3 18. Bf1 Rfd8 19. d5 e5 20. Be3 a6 21. Kh2 f5 22. exf5 Qf6 23. f4 e4 0-1

[Event "Sant Adria de Besos op 2nd"]
[Site "Sant Adria de Besos"]
[Date "2018.08.15"]
[Round "8"]
[White "Cruz Estrada, Filemon"]
[Black "Alarcon Casellas, Rolando"]
[Result "1/2-1/2"]
[WhiteElo "2295"]
[BlackElo "2385"]
[PlyCount "64"]
[EventDate "2018.08.10"]
[EventType "swiss"]
[EventRounds "9"]
[EventCountry "ESP"]
[SourceTitle "CBM 186 Extra"]
[Source "ChessBase"]
[SourceDate "2018.08.24"]
[SourceVersion "1"]
[SourceVersionDate "2018.08.24"]
[SourceQuality "1"]

1. c4 e5 2. Nc3 Nc6 3. d3 Bc5 4. e3 Nf6 5. a3 a6 6. Nf3 0-0 7. Be2 d5 8. cxd5 Nxd5 9. Bd2 Nxc3 10. Bxc3 Qe7 11. 0-0 Rd8 12. Qc2 Bf5 13. b4 Ba7 14. Rfd1 Rd6 15. a4 Re6 16. Qb2 Re8 17. b5 Nb8 18. Bb4 Qf6 19. Rac1 axb5 20. axb5 Bb6 21. Rc4 Rd8 22. Bc3 Nd7 23. Nh4 Bg6 24. Nxg6 Qxg6 25. h3 Rde8 26. Rc1 h6 27. Bb4 f5 28. Qc2 Kh7 29. Qd1 Nf6 30. Bc5 f4 31. Bxb6 cxb6 32. Rc7 R8e7 1/2-1/2

[Event "Sitges op 44th"]
[Site "Sitges"]
[Date "2018.07.23"]
[Round "3"]
[White "Glimbrant, Torbjorn"]
[Black "Alarcon Casellas, Rolando"]
[Result "1/2-1/2"]
[WhiteElo "2213"]
[BlackElo "2389"]
[PlyCount "100"]
[EventDate "2018.07.22"]
[EventType "swiss"]
[EventRounds "9"]
[EventCountry "ESP"]
[SourceTitle "CBM 185 Extra"]
[Source "ChessBase"]
[SourceDate "2018.07.29"]
[SourceVersion "1"]
[SourceVersionDate "2018.07.29"]
[SourceQuality "1"]

1. d4 d5 2. c4 c6 3. Nf3 Nf6 4. e3 e6 5. Bd3 Nbd7 6. Nbd2 c5 7. b3 cxd4 8. exd4 b6 9. 0-0 Bb7 10. Qe2 Be7 11. Bb2 0-0 12. Rad1 a6 13. Ne5 dxc4 14. bxc4 b5 15. Ndf3 bxc4 16. Bxc4 Nb6 17. Bb3 Bd5 18. Rc1 Bxb3 19. axb3 Nbd5 20. Ra1 Qb6 21. Ba3 h6 22. Rfc1 Rfc8 23. Rxc8+ Rxc8 24. Bxe7 Nxe7 25. g3 Qxb3 26. Rxa6 Qb1+ 27. Kg2 Qb7 28. h3 Nf5 29. Kh2 Rc1 30. Ra4 Ne4 31. Rc4 Nc3 32. Qd3 Qb2 33. Kg2 Nd5 34. Rxc1 Nfe3+ 35. Kg1 Qxc1+ 36. Kh2 Qb2 37. Kg1 Qc1+ 38. Kh2 Nf5 39. h4 Qb2 40. Kg1 Qa1+ 41. Kh2 Qa2 42. Kg1 f6 43. Ng6 Qa1+ 44. Kh2 Qb2 45. Kg1 h5 46. Qa6 Qc1+ 47. Kh2 Kf7 48. Nh8+ Ke7 49. Ng6+ Kf7 50. Nh8+ Ke7 1/2-1/2

[Event "Barcelona Sant Marti op-A 20th"]
[Site "Barcelona"]
[Date "2018.07.21"]
[Round "9"]
[White "Alarcon Casellas, Rolando"]
[Black "Harikrishnan, A Ra"]
[Result "1-0"]
[WhiteElo "2389"]
[BlackElo "2204"]
[PlyCount "135"]
[EventDate "2018.07.13"]
[EventType "swiss"]
[EventRounds "9"]
[EventCountry "ESP"]
[SourceTitle "CBM 185 Extra"]
[Source "ChessBase"]
[SourceDate "2018.07.29"]
[SourceVersion "1"]
[SourceVersionDate "2018.07.29"]
[SourceQuality "1"]

1. e4 e5 2. Nf3 Nc6 3. Bb5 g6 4. h4 h5 5. Nc3 Bg7 6. d3 Nge7 7. Ng5 f6 8. Nf3 d6 9. d4 a6 10. Be2 f5 11. dxe5 dxe5 12. Qxd8+ Nxd8 13. Ng5 Nf7 14. Bc4 Nd6 15. Bb3 f4 16. Bd2 Bd7 17. 0-0-0 0-0-0 18. f3 Bf6 19. Ne6 Rde8 20. Nc5 Rd8 21. Nxd7 Kxd7 22. Na4 b6 23. Bb4 Nec8 24. Bf7 c5 25. Be1 Kc7 26. Bd5 Ne7 27. Be6 Nb7 28. Rxd8 Nxd8 29. Bh3 Ndc6 30. Bf2 Nd4 31. Nc3 Rd8 32. Re1 Bg7 33. Nb1 Nec6 34. c3 Nb5 35. Nd2 Nd6 36. Be6 Re8 37. Bb3 Rd8 38. Bd5 Ne7 39. Be6 Rf8 40. Rd1 Rd8 41. Kc2 Nb7 42. a4 Na5 43. Rg1 Rd6 44. Bf7 Rf6 45. Ba2 Rf8 46. Nc4 Nb7 47. Rd1 Rd8 48. Rxd8 Nxd8 49. a5 bxa5 50. Bxc5 Bf6 51. Bd6+ Kd7 52. Bxe5 Bxh4 53. Bxf4 Bf6 54. Nxa5 g5 55. Bg3 Ng6 56. Bc4 h4 57. Bh2 Be7 58. Bxa6 Ne6 59. Bb5+ Kc8 60. Nc6 Bc5 61. b4 Bf2 62. Ba6+ Kd7 63. Ne5+ Nxe5 64. Bxe5 Nf4 65. Bxf4 gxf4 66. c4 Kd6 67. c5+ Ke5 68. Kd3 1-0

[Event "Barcelona Sant Marti op-A 20th"]
[Site "Barcelona"]
[Date "2018.07.18"]
[Round "6"]
[White "Serarols Mabras, Bernat"]
[Black "Alarcon Casellas, Rolando"]
[Result "1/2-1/2"]
[WhiteElo "2269"]
[BlackElo "2389"]
[PlyCount "31"]
[EventDate "2018.07.13"]
[EventType "swiss"]
[EventRounds "9"]
[EventCountry "ESP"]
[SourceTitle "CBM 185 Extra"]
[Source "ChessBase"]
[SourceDate "2018.07.29"]
[SourceVersion "1"]
[SourceVersionDate "2018.07.29"]
[SourceQuality "1"]

1. d4 d5 2. c4 c6 3. Nf3 Nf6 4. e3 Bf5 5. Nc3 e6 6. Nh4 Be4 7. f3 Bg6 8. Qb3 Qb6 9. Nxg6 hxg6 10. Bd2 Nbd7 11. g3 Qc7 12. Kf2 Bd6 13. Kg2 0-0-0 14. Be2 dxc4 15. Qxc4 Kb8 16. e4 1/2-1/2

[Event "Barcelona Sant Marti op-A 20th"]
[Site "Barcelona"]
[Date "2018.07.14"]
[Round "2"]
[White "Sanchez Lopez, Juan Manuel"]
[Black "Alarcon Casellas, Rolando"]
[Result "0-1"]
[WhiteElo "2127"]
[BlackElo "2389"]
[PlyCount "62"]
[EventDate "2018.07.13"]
[EventType "swiss"]
[EventRounds "9"]
[EventCountry "ESP"]
[SourceTitle "CBM 185 Extra"]
[Source "ChessBase"]
[SourceDate "2018.07.29"]
[SourceVersion "1"]
[SourceVersionDate "2018.07.29"]
[SourceQuality "1"]

1. c4 c5 2. Nc3 Nc6 3. g3 g6 4. Bg2 Bg7 5. d3 b6 6. e4 Bxc3+ 7. bxc3 e5 8. f4 d6 9. Nf3 Bg4 10. 0-0 Qc7 11. h3 Bxf3 12. Qxf3 f6 13. Be3 0-0-0 14. Rfd1 Nge7 15. h4 Kb8 16. Rab1 Na5 17. Bf1 Nec6 18. Kh1 h6 19. f5 gxf5 20. exf5 h5 21. Bg2 a6 22. Rd2 Ka7 23. Rdb2 Rb8 24. Kh2 e4 25. Qf4 exd3 26. Rd2 Ne5 27. Bd5 Rhg8 28. Qe4 Rge8 29. Be6 Naxc4 30. Rxd3 Nxe3 31. Rxe3 d5 0-1

[Event "Torredembarra op 20th"]
[Site "Torredembarra"]
[Date "2018.07.05"]
[Round "6"]
[White "Alarcon Casellas, Rolando"]
[Black "Pogorelov, Ruslan"]
[Result "0-1"]
[WhiteElo "2389"]
[BlackElo "2387"]
[PlyCount "98"]
[EventDate "2018.06.30"]
[EventType "swiss"]
[EventRounds "9"]
[EventCountry "ESP"]
[SourceTitle "CBM 185 Extra"]
[Source "ChessBase"]
[SourceDate "2018.07.29"]
[SourceVersion "1"]
[SourceVersionDate "2018.07.29"]
[SourceQuality "1"]

1. d4 Nf6 2. Bg5 Ne4 3. Bf4 c5 4. d5 Qb6 5. Nd2 Qxb2 6. Nxe4 Qb4+ 7. c3 Qxe4 8. e3 g5 9. f3 Qf5 10. Bg3 Bg7 11. Rc1 h5 12. c4 h4 13. Bf2 d6 14. Bd3 Qf6 15. h3 Nd7 16. Ne2 Ne5 17. Be4 Qh6 18. Qc2 0-0 19. f4 gxf4 20. exf4 Ng6 21. Be3 f5 22. Bf3 Ne5 23. 0-0 Bd7 24. a4 b6 25. Bd2 Nxf3+ 26. Rxf3 Kh8 27. Rf2 Rg8 28. Kh1 Rae8 29. Ng1 e6 30. Nf3 exd5 31. Ng5 Rgf8 32. cxd5 Bf6 33. Bc3 Re3 34. Qd2 Rxc3 35. Rxc3 Bxc3 36. Qxc3+ Qf6 37. Qf3 Kg7 38. Kh2 Kg6 39. g3 Kh6 40. gxh4 Re8 41. Rg2 c4 42. h5 c3 43. Qg3 Rc8 44. Qh4 c2 45. Nf7+ Qxf7 46. Rg6+ Kh7 47. Qg5 Qf8 48. Rf6 Qg7 49. Rg6 Rg8 0-1

[Event "Torredembarra op 20th"]
[Site "Torredembarra"]
[Date "2018.06.30"]
[Round "1"]
[White "Marti Olivella, Gerard"]
[Black "Alarcon Casellas, Rolando"]
[Result "0-1"]
[WhiteElo "1788"]
[BlackElo "2389"]
[PlyCount "62"]
[EventDate "2018.06.30"]
[EventType "swiss"]
[EventRounds "9"]
[EventCountry "ESP"]
[SourceTitle "CBM 185 Extra"]
[Source "ChessBase"]
[SourceDate "2018.07.29"]
[SourceVersion "1"]
[SourceVersionDate "2018.07.29"]
[SourceQuality "1"]

1. e4 c5 2. Nc3 e6 3. f4 a6 4. g3 Nc6 5. Bg2 g6 6. Nf3 Bg7 7. 0-0 Nge7 8. d3 0-0 9. a4 d5 10. Qe2 Rb8 11. Kh1 b5 12. axb5 axb5 13. e5 Nd4 14. Nxd4 cxd4 15. Nb1 Qc7 16. c3 Nc6 17. Qf2 Qb6 18. cxd4 b4 19. Be3 Ba6 20. Rd1 Rfc8 21. Bf1 Na5 22. Nd2 Rc2 23. Rdc1 Rxb2 24. Be2 b3 25. Rc5 Ra2 26. Rb1 Bf8 27. Rxa5 Qxa5 28. Rxb3 Rxb3 29. Nxb3 Qc3 30. Nc1 Ra1 31. Kg2 Ba3 0-1

[Event "Remberto Fernandez Premier1 11th"]
[Site "Havana"]
[Date "2018.05.02"]
[Round "4"]
[White "Alarcon Casellas, Rolando"]
[Black "Diaz Perez, Michel Alejandro"]
[Result "1/2-1/2"]
[WhiteElo "2404"]
[BlackElo "2447"]
[PlyCount "121"]
[EventDate "2018.04.29"]
[EventType "tourn"]
[EventRounds "10"]
[EventCountry "CUB"]
[EventCategory "5"]
[SourceTitle "EXT 2021"]
[Source "ChessBase"]
[SourceDate "2020.10.23"]
[SourceVersion "1"]
[SourceVersionDate "2020.10.23"]
[SourceQuality "1"]

1. d4 d5 2. c4 e6 3. Nf3 Nf6 4. Bg5 Nbd7 5. cxd5 exd5 6. Nc3 c6 7. e3 Be7 8. Qc2 0-0 9. Bd3 Re8 10. h3 Ne4 11. Bxe4 dxe4 12. Bxe7 Qxe7 13. Nd2 Nf6 14. g4 Be6 15. Ndxe4 Nxe4 16. Qxe4 Qb4 17. Qc2 Bd5 18. 0-0 Bc4 19. Rfe1 Qe7 20. f3 Rad8 21. Rad1 Be6 22. e4 Bc8 23. Kg2 Rd6 24. d5 Rg6 25. dxc6 bxc6 26. Ne2 h5 27. Ng3 hxg4 28. hxg4 Qe5 29. Qc3 Qxc3 30. bxc3 c5 31. Rd5 Rc6 32. Red1 Be6 33. Rd6 Rxd6 34. Rxd6 Rb8 35. Rc6 Rb2+ 36. Kg1 Rxa2 37. Rxc5 a5 38. Nf5 a4 39. Ra5 a3 40. Ne7+ Kf8 41. Nc6 g6 42. Nb4 Ra1+ 43. Kg2 a2 44. Nd5 Ke8 45. Ra7 Kd8 46. c4 Kc8 47. c5 Kb8 48. Ra3 Kb7 49. Ra5 g5 50. Kh2 Kc6 51. Nb4+ Kb7 52. Nd5 Bd7 53. Kg2 Be6 54. Kh2 f6 55. Kg2 Bf7 56. Kh2 Be6 57. Kg2 Kc6 58. Nb4+ Kb7 59. Nd5 Kc6 60. Nb4+ Kb7 61. Nd5 1/2-1/2

[Event "Remberto Fernandez Premier1 11th"]
[Site "Havana"]
[Date "2018.04.29"]
[Round "1"]
[White "Alarcon Casellas, Rolando"]
[Black "Berdayes Ason, Dylan Isidro"]
[Result "0-1"]
[WhiteElo "2404"]
[BlackElo "2406"]
[PlyCount "214"]
[EventDate "2018.04.29"]
[EventType "tourn"]
[EventRounds "10"]
[EventCountry "CUB"]
[EventCategory "5"]
[SourceTitle "EXT 2021"]
[Source "ChessBase"]
[SourceDate "2020.10.23"]
[SourceVersion "1"]
[SourceVersionDate "2020.10.23"]
[SourceQuality "1"]

1. d4 Nf6 2. Bg5 Ne4 3. h4 c5 4. d5 Qb6 5. Nd2 Nxg5 6. hxg5 Qxb2 7. g6 Qf6 8. gxh7 Qg6 9. e3 Rxh7 10. Bd3 Rxh1 11. Bxg6 Rxg1+ 12. Nf1 fxg6 13. Qg4 Rh1 14. Qxg6+ Kd8 15. Qf7 Rh8 16. d6 exd6 17. 0-0-0 Nc6 18. Ng3 a5 19. f4 Kc7 20. Ne4 d5 21. Rxd5 c4 22. Nc3 a4 23. Rb5 Ra5 24. Qxc4 Rxb5 25. Qxb5 Rh1+ 26. Kd2 Bb4 27. Kd3 Kb8 28. Nd5 Ba5 29. Ke4 d6 30. Qb2 Rh7 31. Kf3 Be6 32. c4 Bd7 33. Kf2 Nd8 34. c5 dxc5 35. Qe5+ Ka7 36. Qd6 Bc6 37. Ne7 Rh2 38. Qxc5+ Ka6 39. Nxc6 Nxc6 40. Qc4+ Ka7 41. Qxa4 Rh1 42. Kg3 Rf1 43. Kg4 Rf2 44. g3 Kb8 45. Qb3 Ka7 46. e4 Rg2 47. e5 Rg1 48. Qa3 Kb8 49. Kf5 Bb4 50. Qe3 Rg2 51. a3 Be7 52. Ke6 Ra2 53. Kf7 Rxa3 54. Qg1 g5 55. f5 g4 56. f6 Rf3 57. Kg8 Bb4 58. Qd1 Rxg3 59. e6 Rf3 60. Kg7 Bc3 61. Qd6+ Ka8 62. Qa3+ Kb8 63. Qd6+ Ka7 64. Qc5+ Ka6 65. Qc4+ Kb6 66. Qxg4 Rxf6 67. Kh7 Rf8 68. Qg1+ Bd4 69. Qe1 Re8 70. Kg6 Re7 71. Kf5 Bc5 72. Qb1+ Kc7 73. Qc1 Nd4+ 74. Ke5 Rxe6+ 75. Kd5 Rd6+ 76. Ke4 Kc6 77. Qh1 Nb5 78. Qh8 Rd4+ 79. Kf3 Nd6 80. Ke2 b5 81. Qa8+ Nb7 82. Qa6+ Bb6 83. Qa8 Rd8 84. Qa3 Ba5 85. Qf3+ Rd5 86. Qf8 b4 87. Qe8+ Kb6 88. Qg8 Rd6 89. Ke3 Nd8 90. Qf8 Kc5 91. Ke4 b3 92. Qf2+ Kb4 93. Qe1+ Kb5 94. Qf1+ Kc5 95. Qf2+ Kc4 96. Qf1+ Kb4 97. Qe1+ Kb5 98. Qf1+ Kb6 99. Qf2+ Kb7 100. Qb2 Rb6 101. Kd5 Bc3 102. Qxc3 b2 103. Qg7+ Ka6 104. Qd7 b1Q 105. Qa4+ Kb7 106. Qd7+ Ka8 107. Qxd8+ Rb8 0-1

[Event "Mexican op 64th"]
[Site "Aguascalientes"]
[Date "2018.03.30"]
[Round "6"]
[White "Alarcon Casellas, Rolando"]
[Black "Gonzalez Zamora, Juan Carlos"]
[Result "1/2-1/2"]
[WhiteElo "2404"]
[BlackElo "2531"]
[PlyCount "43"]
[EventDate "2018.03.27"]
[EventType "swiss"]
[EventRounds "9"]
[EventCountry "MEX"]
[SourceTitle "EXT 2019"]
[Source "ChessBase"]
[SourceDate "2018.10.10"]
[SourceVersion "1"]
[SourceVersionDate "2018.10.10"]
[SourceQuality "1"]

1. d4 Nf6 2. Bg5 Ne4 3. Bf4 d5 4. f3 Nf6 5. e4 e6 6. e5 Nfd7 7. Be3 c5 8. c3 Nc6 9. f4 cxd4 10. cxd4 Nb6 11. Nc3 Bd7 12. Nf3 Rc8 13. Bd3 Nc4 14. Bc1 Qb6 15. Ne2 Nxb2 16. Bxb2 Qxb2 17. Rb1 Qxa2 18. Rxb7 Bb4+ 19. Kf2 Ba5 20. Bb5 a6 21. Bxa6 Nb4 22. Ke1 1/2-1/2

[Event "Mollet del Valles 4th"]
[Site "Mollet del Valles"]
[Date "2016.11.25"]
[Round "9"]
[White "Alarcon Casellas, Rolando"]
[Black "Aymerich Verdaguer, Eduard"]
[Result "1-0"]
[WhiteElo "2397"]
[BlackElo "2180"]
[PlyCount "71"]
[EventDate "2016.09.30"]
[EventType "tourn"]
[EventRounds "9"]
[EventCountry "ESP"]
[EventCategory "2"]
[SourceTitle "EXT 2018"]
[Source "ChessBase"]
[SourceDate "2017.10.13"]
[SourceVersion "1"]
[SourceVersionDate "2017.10.13"]
[SourceQuality "1"]

1. d4 Nf6 2. Bg5 d5 3. Bxf6 exf6 4. e3 Bf5 5. Nd2 Bd6 6. c4 dxc4 7. Bxc4 0-0 8. Ngf3 Nd7 9. 0-0 Nb6 10. Bb3 c6 11. h3 Qd7 12. Re1 a5 13. a3 a4 14. Ba2 Ra5 15. e4 Bxh3 16. gxh3 Rh5 17. h4 Qh3 18. e5 fxe5 19. Ne4 Be7 20. Ng3 Rh6 21. Nxe5 Qxh4 22. Nf3 Qf6 23. Kg2 Bd6 24. Ne5 Rh4 25. Re4 Nd5 26. Bxd5 cxd5 27. Rxh4 Qxh4 28. Nf3 Qg4 29. Qxa4 h5 30. Rh1 g6 31. Qb5 Rc8 32. Rh4 Qe6 33. Ng5 Qe7 34. Qxd5 Bxg3 35. Kxg3 Rc1 36. Kg2 1-0

[Event "Mollet del Valles 4th"]
[Site "Mollet del Valles"]
[Date "2016.10.28"]
[Round "5"]
[White "Alarcon Casellas, Rolando"]
[Black "Fernandez Diaz, Cristian"]
[Result "1-0"]
[WhiteElo "2397"]
[BlackElo "2299"]
[PlyCount "71"]
[EventDate "2016.09.30"]
[EventType "tourn"]
[EventRounds "9"]
[EventCountry "ESP"]
[EventCategory "2"]
[SourceTitle "EXT 2018"]
[Source "ChessBase"]
[SourceDate "2017.10.13"]
[SourceVersion "1"]
[SourceVersionDate "2017.10.13"]
[SourceQuality "1"]

1. e4 c5 2. Nf3 d6 3. Bb5+ Bd7 4. Bxd7+ Qxd7 5. 0-0 Nc6 6. c3 Nf6 7. Qe2 g5 8. Nxg5 Rg8 9. f4 h6 10. Nf3 Qg4 11. d3 e6 12. Na3 0-0-0 13. Nc4 d5 14. Ne3 Qh5 15. e5 Ng4 16. Nxg4 Qxg4 17. Be3 Be7 18. d4 c4 19. Rf2 Qf5 20. Qc2 Qh5 21. f5 Bh4 22. Nxh4 Qxh4 23. fxe6 fxe6 24. Rf6 h5 25. Rg6 Ne7 26. Bg5 Qxg5 27. Rxg5 Rxg5 28. Qh7 Nf5 29. Qf7 Rdg8 30. Qxe6+ Kb8 31. Kh1 Ne3 32. Rg1 h4 33. Qh3 Ng4 34. Rf1 R5g6 35. Qf3 a6 36. h3 1-0

[Event "Mollet del Valles 4th"]
[Site "Mollet del Valles"]
[Date "2016.10.14"]
[Round "3"]
[White "Alarcon Casellas, Rolando"]
[Black "Cruz Estrada, Filemon"]
[Result "1-0"]
[WhiteElo "2397"]
[BlackElo "2330"]
[PlyCount "138"]
[EventDate "2016.09.30"]
[EventType "tourn"]
[EventRounds "9"]
[EventCountry "ESP"]
[EventCategory "2"]
[SourceTitle "EXT 2017"]
[Source "ChessBase"]
[SourceDate "2016.10.25"]
[SourceVersion "1"]
[SourceVersionDate "2016.10.25"]
[SourceQuality "1"]

1. d4 Nf6 2. Bg5 g6 3. Bxf6 exf6 4. h4 Bg7 5. h5 0-0 6. e3 d5 7. c4 c6 8. Nc3 Na6 9. cxd5 cxd5 10. Qb3 Nc7 11. hxg6 hxg6 12. g3 b6 13. Bg2 Bb7 14. Nge2 Qd6 15. Nf4 Rad8 16. 0-0-0 f5 17. Kb1 Rd7 18. Rc1 Rfd8 19. Nb5 Nxb5 20. Qxb5 Bf6 21. Rc3 Bg5 22. Nd3 Rc7 23. Rxc7 Qxc7 24. Rc1 Qd6 25. Nb4 Kg7 26. a3 Bf6 27. Nc6 Bxc6 28. Qxc6 Qxc6 29. Rxc6 f4 30. gxf4 Bh4 31. Rc2 Kf6 32. Kc1 Ke6 33. Kd1 Kd6 34. Ke2 f5 35. Kf1 Rd7 36. Bf3 g5 37. fxg5 Bxg5 38. Rc8 f4 39. Rg8 Bf6 40. Ke2 fxe3 41. fxe3 Rd8 42. Rg6 Ke6 43. Rh6 Kf5 44. Kd3 Bg5 45. Rh3 Kf6 46. Bg4 Re8 47. Rf3+ Kg6 48. Bf5+ Kg7 49. Bd7 Rd8 50. Be6 Rd6 51. Bg4 Rf6 52. Rg3 Kg6 53. Bf3 Rd6 54. Rh3 Rd7 55. Bh5+ Kg7 56. Bd1 Kg6 57. Ba4 Rd8 58. Rf3 Bf6 59. Bc6 Kf7 60. Rf5 Ke6 61. Rh5 a5 62. a4 Rd6 63. Bb7 Rd8 64. b3 Rd6 65. Bc8+ Kf7 66. Bg4 Rd8 67. Bf3 Ke6 68. Rh7 Kf5 69. Rb7 Rd6 1-0

[Event "Mollet del Valles 4th"]
[Site "Mollet del Valles"]
[Date "2016.09.30"]
[Round "1"]
[White "Alarcon Casellas, Rolando"]
[Black "Morros Faura, Ricard"]
[Result "0-1"]
[WhiteElo "2397"]
[BlackElo "2230"]
[PlyCount "114"]
[EventDate "2016.09.30"]
[EventType "tourn"]
[EventRounds "9"]
[EventCountry "ESP"]
[EventCategory "2"]
[SourceTitle "EXT 2018"]
[Source "ChessBase"]
[SourceDate "2017.10.13"]
[SourceVersion "1"]
[SourceVersionDate "2017.10.13"]
[SourceQuality "1"]

1. d4 Nf6 2. Bg5 Ne4 3. Bf4 c5 4. d5 Qb6 5. Nd2 Qxb2 6. Nxe4 Qb4+ 7. Qd2 Qxe4 8. e3 e5 9. Bg3 d6 10. c4 Be7 11. h4 h5 12. Rc1 Qg6 13. Nf3 f6 14. Bd3 Bf5 15. Bxf5 Qxf5 16. Qb2 b6 17. Nd2 0-0 18. e4 Qg6 19. Rc3 f5 20. exf5 Qxf5 21. 0-0 Nd7 22. Re1 Nf6 23. Rf3 Qg6 24. Qb5 Qc2 25. Nf1 a6 26. Qxb6 Qxc4 27. Ne3 Qb4 28. Qxb4 cxb4 29. Nf5 Rf7 30. Rd3 Bf8 31. f3 Rc7 32. Re2 a5 33. Bf2 a4 34. Be3 Ra5 35. Red2 Rc3 36. Bg5 Rxd3 37. Rxd3 Rxd5 38. Re3 Rd1+ 39. Kh2 Nd5 40. Re2 Nc3 41. Rb2 Rb1 42. Rc2 Ra1 43. Rb2 d5 44. Bd2 d4 45. f4 g6 46. Ng3 exf4 47. Nh1 a3 48. Rb3 Rxa2 49. Bc1 Ra1 50. Bxf4 Rb1 51. Rxb1 Nxb1 52. Bc1 d3 53. Nf2 d2 54. Bb2 axb2 55. Nd1 Bg7 56. Kg3 Na3 57. Nxb2 Bxb2 0-1

[Event "Sabadell op-A 9th"]
[Site "Sabadell"]
[Date "2016.09.04"]
[Round "4"]
[White "Alarcon Casellas, Rolando"]
[Black "Capellades Subirana, Marc"]
[Result "1/2-1/2"]
[WhiteElo "2397"]
[BlackElo "2225"]
[PlyCount "91"]
[EventDate "2016.09.01"]
[EventType "swiss"]
[EventRounds "9"]
[EventCountry "ESP"]
[SourceTitle "CBM 174 Extra"]
[Source "ChessBase"]
[SourceDate "2016.10.10"]
[SourceVersion "1"]
[SourceVersionDate "2016.10.10"]
[SourceQuality "1"]

1. d4 Nf6 2. Bg5 d5 3. Bxf6 exf6 4. e3 g6 5. h4 h5 6. g3 Nc6 7. Bg2 Ne7 8. Ne2 Bg4 9. c4 c6 10. Qb3 Bxe2 11. Kxe2 Bh6 12. cxd5 0-0 13. dxc6 bxc6 14. Nc3 Re8 15. Rhd1 Nf5 16. Bxc6 Rb8 17. Qd5 Rxb2+ 18. Kf1 Bxe3 19. Bxe8 Rxf2+ 20. Ke1 Qxe8 21. Ne4 Nxg3 22. Nxf2 Bxd4+ 23. Ne4 Bc3+ 24. Kf2 Nxe4+ 25. Kf3 Bxa1 26. Qd8 Qxd8 27. Rxd8+ Kg7 28. Kxe4 Bc3 29. Rd7 a5 30. Ra7 g5 31. hxg5 fxg5 32. Kf5 g4 33. Rc7 Be1 34. Rc2 g3 35. Kf4 Kg6 36. Kf3 h4 37. Re2 Bf2 38. Kg2 f6 39. Re8 f5 40. Rg8+ Kf6 41. Rh8 Kg5 42. Rg8+ Kf4 43. Rh8 Ke3 44. Re8+ Kd3 45. Rf8 Ke4 46. Re8+ 1/2-1/2

[Event "Sabadell op-A 9th"]
[Site "Sabadell"]
[Date "2016.09.03"]
[Round "3"]
[White "Narciso Dublan, Marc"]
[Black "Alarcon Casellas, Rolando"]
[Result "1-0"]
[WhiteElo "2508"]
[BlackElo "2397"]
[PlyCount "85"]
[EventDate "2016.09.01"]
[EventType "swiss"]
[EventRounds "9"]
[EventCountry "ESP"]
[SourceTitle "CBM 174 Extra"]
[Source "ChessBase"]
[SourceDate "2016.10.10"]
[SourceVersion "1"]
[SourceVersionDate "2016.10.10"]
[SourceQuality "1"]

1. d4 d5 2. c4 c6 3. Nf3 Nf6 4. Nc3 dxc4 5. a4 Bf5 6. Ne5 Nbd7 7. Nxc4 Nd5 8. f3 e5 9. e4 Nxc3 10. bxc3 Be6 11. Be3 exd4 12. cxd4 Qc7 13. Be2 Bb4+ 14. Kf2 0-0 15. g3 Bxc4 16. Bxc4 a5 17. Qc2 Kh8 18. Ba2 Rad8 19. Rac1 f5 20. exf5 Nf6 21. Bf4 Qb6 22. Rhd1 Rxd4 23. Be3 Rxd1 24. Bxb6 Rd2+ 25. Qxd2 Bxd2 26. Rd1 Bb4 27. g4 h5 28. h3 h4 29. Be6 Bc3 30. Rd3 Bb4 31. g5 Nh5 32. Rd4 g6 33. Rxh4 Bd6 34. Bd4+ Kh7 35. Rxh5+ gxh5 36. g6+ Kh6 37. g7 Re8 38. f6 h4 39. f7 Rxe6 40. f8Q Bg3+ 41. Kg2 Re2+ 42. Bf2 Rxf2+ 43. Kg1 1-0

[Event "Sabadell op-A 9th"]
[Site "Sabadell"]
[Date "2016.09.02"]
[Round "2"]
[White "Alarcon Casellas, Rolando"]
[Black "Ivanov, Mike"]
[Result "1-0"]
[WhiteElo "2397"]
[BlackElo "2285"]
[PlyCount "147"]
[EventDate "2016.09.01"]
[EventType "swiss"]
[EventRounds "9"]
[EventCountry "ESP"]
[SourceTitle "CBM 174 Extra"]
[Source "ChessBase"]
[SourceDate "2016.10.10"]
[SourceVersion "1"]
[SourceVersionDate "2016.10.10"]
[SourceQuality "1"]

1. d4 Nf6 2. Bg5 Ne4 3. Bf4 Nc6 4. f3 Nf6 5. d5 e5 6. Bg3 Ne7 7. e4 Ng6 8. h4 Bc5 9. h5 Nxh5 10. Rxh5 Bxg1 11. Bxe5 Nxe5 12. Rxe5+ Kf8 13. Rh5 Qf6 14. c3 Qf4 15. Qd2 Be3 16. Qe2 d6 17. Kd1 g6 18. Rh1 Qg5 19. Na3 Kg7 20. Nc4 Bf4 21. Qf2 c6 22. Kc2 cxd5 23. Qd4+ Be5 24. Qxd5 Be6 25. Qd2 Bf4 26. Qd4+ Be5 27. Nxe5 dxe5 28. Qd2 Qxd2+ 29. Kxd2 Rad8+ 30. Ke3 Rd6 31. Be2 Rhd8 32. Rhd1 Rxd1 33. Bxd1 h5 34. Be2 Kf6 35. c4 Kg5 36. g3 f5 37. exf5 gxf5 38. f4+ Kf6 39. Rh1 Bf7 40. b3 exf4+ 41. gxf4 Rh8 42. Rh4 a5 43. Bf3 b6 44. Kd4 Rg8 45. Rh3 Rh8 46. Rh4 Rg8 47. Be2 Rg2 48. Bxh5 Bxh5 49. Rxh5 Kg6 50. Rh8 Rxa2 51. Rb8 Kh5 52. Rxb6 Kg4 53. c5 Kxf4 54. c6 Rc2 55. Kd5 Ke3 56. Rb7 f4 57. Re7+ Kd3 58. Rf7 Kc3 59. Rxf4 Kxb3 60. Rf8 Rd2+ 61. Kc5 Rc2+ 62. Kd5 Rd2+ 63. Kc5 Rc2+ 64. Kb5 a4 65. Rf3+ Ka2 66. Rf4 Rxc6 67. Kxc6 a3 68. Kb5 Kb2 69. Rf2+ Kb3 70. Rf3+ Kb2 71. Kb4 a2 72. Rf2+ Kb1 73. Kb3 a1N+ 74. Kc3 1-0